MARC

LEADER 00000nam0a2200000 4500
001 86737
005 20231031101849.0
010 |a 5211009800 
020 |a RU  |b 90-71554 
035 |a (RuTPU)RU\TPU\book\93137 
090 |a 86737 
100 |a 20051129d1990 km a0rusy5003 ca 
101 0 |a rus 
102 |a RU 
105 |a y z 000zy 
200 1 |a Колебания и волны в плазменных средах  |f А. Ф. Александров, Л. С. Богданкевич, А. А. Рухадзе 
210 |a Москва  |c Изд-во МГУ  |d 1990 
215 |a 270,[1] с.  |c ил.  |d 22 см 
314 |a Перед вып. дан. 3-й авт.: Рухадзе Анри Амвросьевич 
610 1 |a плазма 
610 1 |a волновые процессы 
610 1 |a электродинамика 
610 1 |a волны 
675 |a 533.95  |z rus 
700 1 |a Александров  |b А. Ф.  |g Андрей Федорович  |4 070 
702 1 |a Богданкевич  |b Л. С.  |g Лариса Семеновна  |4 070 
702 1 |a Рухадзе  |b А. А.  |g Анри Амвросиевич  |4 070 
801 0 |a RU  |b RuMRKP  |c 19950417  |g psbo 
801 1 |a RU  |b 63413507  |c 20051129  |g PSBO 
801 2 |a RU  |b 63413507  |c 20170901  |g PSBO 
942 |c BK